000 01003nam0a2200301 4500
001 RU\NLR\bibl\519465
005 20260406164142.0
010 _a5-17-016698-2
_95000
021 _aRU
_b2004-17138
_9880
035 _a(NLR Aleph) 000511876
090 _a1238406
_c1238406
100 _a20040513d2004 |||y0rusy50 ca
101 1 _arus
_ceng
102 _aRU
105 _ay |||||||||
200 1 _aМоре, море
_eРоман
_fАйрис Мердок
_g[Пер. с англ. М. Лорие]
210 _aМ.
_cАСТ
_d2004
215 _a540, [1] с.
_d17
225 1 _aКлассическая и современная проза
320 _aНа 4-й с. обл. др. произведения авт.
686 _aШ6(4Вл)67-440.4{Лх1299-50}
700 1 _4070
_7ca
_8rus
_aМердок
_bА.
_f1919-1999
_gАйрис
_9120290
_3RU\NLR\auth\7710522
801 0 _aRU
_bNLR
_c20040513
_gPSBO
801 1 _aRU
_bNLR
_c20040513
942 _cBOOK
980 _aNB